|
|
|
|
| LEADER |
00000nab a2200000 a 4500 |
| 001 |
vtls008830092 |
| 003 |
SK-MaSNL |
| 005 |
20260305004536.0 |
| 008 |
250505c2004 xo qr|p|||||||000 b|slo |
| 015 |
|
|
|a SNBRB2006/07
|
| 035 |
|
|
|a (sysno)vtls008830092
|
| 035 |
|
|
|a urn:nbn:sk:snk-ab75iv
|
| 035 |
|
|
|a (uuid)f7623cb4-bcae-42f2-8f5b-e083c4cb9a41
|
| 035 |
|
|
|a (urnnbn)urn:nbn:sk:snk:ar-a06zjl
|
| 038 |
|
|
|a SNKBUCL
|
| 040 |
|
|
|a SNKBUCL
|b slo
|c SNKBUCL
|e AACR2
|
| 041 |
0 |
|
|a slo
|b eng
|
| 044 |
|
|
|a xo
|c SK
|
| 080 |
|
|
|a 32
|x (4-191.2)
|2 1997
|
| 100 |
1 |
|
|a Veselý, Zdeněk,
|d 1950-
|4 aut
|9 92474
|
| 245 |
1 |
0 |
|a Stredná Európa 20. storočia: od mnohonárodnej monarchie k národným štátom
|c Zdeněk Veselý; preložila Jana Lasicová
|
| 504 |
|
|
|a Bibliogr. odkazy
|
| 546 |
|
|
|a Res. angl.
|
| 648 |
|
7 |
|a 20. stor.
|2 snkbucl
|9 275975
|
| 650 |
0 |
7 |
|a politika
|2 snkbucl
|9 968
|
| 651 |
|
7 |
|a Európa stredná
|2 snkbucl
|9 23970
|
| 700 |
1 |
|
|a Lasicová, Jana,
|d 1946-
|4 trl
|9 315260
|
| 773 |
0 |
|
|t Politické vedy
|g Roč. XII, č. 2 (2004), s. 7-41
|x 1335-2741
|
| 850 |
|
|
|a Slovenská národná knižnica
|
| 852 |
|
|
|a Slovenská národná knižnica
|
| 954 |
|
|
|a odborná, vedecká literatúra cudzojazyčná (svetová)
|2 lita
|
| 958 |
|
|
|a article27
|
| 958 |
|
|
|a NB
|
| 958 |
|
|
|a OND
|
| 958 |
|
|
|a EUIPO
|
| 999 |
|
|
|c 3236113
|d 3238043
|